书目信息 |
| 题名: |
无机化工工艺学
|
|
| 作者: | 陈五平 主编 | |
| 分册: | 第三册 化学肥料 | |
| 出版信息: | 北京 化学工业出版社 1980-1981 |
|
| 页数: | 312页 | |
| 开本: | 21cm | |
| 丛书名: | ||
| 单 册: | ||
| 中图分类: | TQ11 | |
| 科图分类: | ||
| 主题词: | 无机化工--工艺学--高等学校--教材 | |
| 电子资源: | ||
| ISBN: | ||
| 000 | 00710nam0 2200253 45 | |
| 001 | 0180006261 | |
| 005 | 20060802085814.68 | |
| 010 | @dCNY1.25 | |
| 091 | @a15063.3215 | |
| 100 | @a19950315d1980 em y0chiy0121 ea | |
| 101 | 0 | @achi |
| 102 | @aCN@b110000 | |
| 105 | @ay z 000yy | |
| 200 | 10 | @a无机化工工艺学@Awu ji hua gong gong yi xue@h第三册@i化学肥料@f陈五平主编 |
| 210 | @a北京@c化学工业出版社@d1980-1981 | |
| 215 | @a312页@d21cm | |
| 300 | @a高等学校试用教材 | |
| 517 | 1 | @a化学肥料@Ahua xue fei liao |
| 606 | @a无机化工@x工艺学@x高等学校@x教材 | |
| 690 | @aTQ11@v3 | |
| 701 | 0 | @a陈五平@Achen wu ping@4主编 |
| 801 | 2 | @aCN@bNLC@c20060802 |
| 801 | 0 | @aCN@bTSSF |
| 905 | @a10447@dTQ11@e13:3 | |
| 无机化工工艺学.第三册.化学肥料/陈五平主编.-北京:化学工业出版社,1980-1981 |
| 312页;21cm |
| 高等学校试用教材 |
| ISBN :CNY1.25 |
| ● |
| 相关链接 |
|
|
|
|
正题名:无机化工工艺学
索取号:TQ11/13:3
 
预约/预借
| 序号 | 登录号 | 条形码 | 馆藏地/架位号 | 状态 | 备注 |
| 1 | 0439392 | 204393922 | 密集书库/ [索取号:TQ11/13:3] | 在馆 |